[Event "25. Open Pula 2011"]
[Site "Pula CRO"]
[Date "2011.06.24"]
[Round "8.18"]
[White "Leer Salvesen, Bjarte"]
[Black "Shtivelband, Vladimir"]
[Result "1-0"]
[WhiteElo "2365"]
[BlackElo "2170"]
[PlyCount "69"]
[EventDate "2011.06.18"]
[EventType "swiss"]
[EventRounds "9"]
[EventCountry "CRO"]
[Source "lmi"]
[SourceDate "2011.06.18"]

1. c4 e5 2. g3 Nc6 3. Bg2 g6 4. Nc3 Bg7 5. Nf3 Nge7 6. O-O O-O 7. d3 d6 8. Rb1
a5 9. a3 f5 10. Nd5 h6 11. b4 axb4 12. axb4 Nxd5 13. cxd5 Na7 14. Qb3 Nb5 15.
Bb2 Bd7 16. Ra1 Qe7 17. e3 g5 18. Qc4 g4 19. Rxa8 Rxa8 20. Nh4 Qg5 21. Bc1 Rf8
22. f4 exf4 23. Rxf4 Nc3 24. d4 Nb5 25. Bf1 Kh8 26. Qc2 c6 27. dxc6 bxc6 28.
Bd3 Nc7 29. Bxf5 Nd5 30. Ng6+ Kg8 31. Nxf8 Nxf4 32. Nxd7 Ne2+ 33. Qxe2 Qxf5 34.
Nb6 Qe4 35. Nc4 1-0

[Event "25. Open Pula 2011"]
[Site "Pula CRO"]
[Date "2011.06.24"]
[Round "8.20"]
[White "Plenca, Julian"]
[Black "Kozarcanin, Sead"]
[Result "1-0"]
[WhiteElo "2339"]
[BlackElo "2131"]
[PlyCount "83"]
[EventDate "2011.06.18"]
[EventType "swiss"]
[EventRounds "9"]
[EventCountry "CRO"]
[Source "lmi"]
[SourceDate "2011.06.18"]

1. e4 e5 2. Nf3 Nc6 3. d4 exd4 4. Nxd4 Nf6 5. Nc3 Bb4 6. Nxc6 bxc6 7. Bd3 d5 8.
exd5 cxd5 9. O-O O-O 10. Bg5 c6 11. Qf3 Be7 12. Rfe1 h6 13. Bxh6 gxh6 14. Qe3
Re8 15. Qxh6 Bf8 16. Rxe8 Qxe8 17. Qxf6 Bg7 18. Qd6 a5 19. h4 Bg4 20. Qf4 Bd7
21. Na4 Rb8 22. Nc5 Rxb2 23. Nxd7 Qxd7 24. Re1 c5 25. a4 c4 26. Bf5 Qd8 27. h5
Rb6 28. Qg4 Rd6 29. Rb1 Rb6 30. Re1 Rd6 31. Re3 Kf8 32. Rf3 Kg8 33. Rg3 Qf6 34.
c3 Kf8 35. Rf3 Kg8 36. Bc2 Qd8 37. Rg3 Qf8 38. Qf5 Rh6 39. Qxd5 Re6 40. Qf5 Rh6
41. Qxa5 Qe8 42. Qg5 1-0

[Event "25. Open Pula 2011"]
[Site "Pula CRO"]
[Date "2011.06.24"]
[Round "8.21"]
[White "Hagesaether, Halvard"]
[Black "Gazvoda, Franc"]
[Result "1-0"]
[WhiteElo "2276"]
[BlackElo "2064"]
[PlyCount "99"]
[EventDate "2011.06.18"]
[EventType "swiss"]
[EventRounds "9"]
[EventCountry "CRO"]
[Source "lmi"]
[SourceDate "2011.06.18"]

1. d4 d5 2. Nc3 Nf6 3. Bg5 Bf5 4. f3 Nbd7 5. Nxd5 Nxd5 6. e4 f6 7. Bh4 Ne3 8.
Qd3 e5 9. Qxe3 exd4 10. Qxd4 Be6 11. Bc4 Bc5 12. Qd3 Qe7 13. Bxe6 Qxe6 14.
O-O-O O-O-O 15. Qb3 Qa6 16. Nh3 Qe2 17. Rde1 Qa6 18. Bf2 Bxf2 19. Nxf2 Nc5 20.
Qa3 Qxa3 21. bxa3 Rd6 22. Re3 Rhd8 23. Rd1 Rc6 24. Rxd8+ Kxd8 25. Rc3 b6 26.
Kd2 Rd6+ 27. Ke3 a5 28. Ke2 Kc8 29. Nd1 Ne6 30. Ke1 Nd4 31. Ne3 c6 32. Nc4 Re6
33. Nxb6+ Kb7 34. Nc4 Ka6 35. Kd2 Kb5 36. Kd3 c5 37. Ne3 a4 38. Nd5 Kc6 39. Rc4
f5 40. Rxa4 fxe4+ 41. fxe4 Re5 42. c3 Ne6 43. Ra6+ Kb7 44. Rb6+ Ka7 45. Rd6 h5
46. g3 g5 47. Ne7 Nf4+ 48. gxf4 Rxe7 49. fxg5 Rf7 50. Rh6 1-0

[Event "25. Open Pula 2011"]
[Site "Pula CRO"]
[Date "2011.06.24"]
[Round "8.22"]
[White "Perhinig, Robert"]
[Black "Deslandes, Pascal"]
[Result "1-0"]
[WhiteElo "2240"]
[BlackElo "2270"]
[PlyCount "73"]
[EventDate "2011.06.18"]
[EventType "swiss"]
[EventRounds "9"]
[EventCountry "CRO"]
[Source "lmi"]
[SourceDate "2011.06.18"]

1. d4 Nf6 2. c4 g6 3. Nc3 Bg7 4. e4 d6 5. f3 O-O 6. Be3 c5 7. dxc5 dxc5 8. Qxd8
Rxd8 9. Bxc5 Nc6 10. Nd5 Nd7 11. Bxe7 Nxe7 12. Nxe7+ Kf8 13. Nd5 Bxb2 14. Rb1
Bg7 15. Ne2 Nc5 16. Nec3 Be6 17. Be2 Rac8 18. O-O b6 19. Rfd1 Rd7 20. g4 Nb7
21. Nb5 Na5 22. Rbc1 g5 23. Kf2 Be5 24. h3 Rc5 25. Nd4 Rc8 26. Nb3 Nb7 27. Nd4
Na5 28. f4 gxf4 29. Nf3 Bd6 30. Kg2 Nc6 31. Nf6 Rdd8 32. Nxh7+ Kg7 33. Nhg5 Kf6
34. Rxd6 Rxd6 35. e5+ Nxe5 36. Ne4+ Ke7 37. Nxd6 1-0

[Event "25. Open Pula 2011"]
[Site "Pula CRO"]
[Date "2011.06.24"]
[Round "8.24"]
[White "Frank, Dieter"]
[Black "Skrbin, Kresimir"]
[Result "1/2-1/2"]
[WhiteElo "2145"]
[BlackElo "2264"]
[PlyCount "54"]
[EventDate "2011.06.18"]
[EventType "swiss"]
[EventRounds "9"]
[EventCountry "CRO"]
[Source "lmi"]
[SourceDate "2011.06.18"]

1. e4 c6 2. d4 d5 3. exd5 cxd5 4. c4 Nf6 5. Nc3 Nc6 6. Bg5 dxc4 7. Bxc4 e6 8.
Nf3 Be7 9. O-O O-O 10. a3 b6 11. Qd3 Bb7 12. Rfe1 Rc8 13. Rad1 Nd5 14. Bxd5
Bxg5 15. Ba2 Bf6 16. Ne4 Ne7 17. Nxf6+ gxf6 18. Bb1 f5 19. Qe3 Nd5 20. Qd2 Qf6
21. Ne5 Qg7 22. f3 Rfd8 23. Ba2 Rc7 24. Rc1 Rdc8 25. Rxc7 Rxc7 26. Rc1 f6 27.
Nd3 Qg5 1/2-1/2

[Event "25. Open Pula 2011"]
[Site "Pula CRO"]
[Date "2011.06.24"]
[Round "8.25"]
[White "Guttulsrud, Odd Martin"]
[Black "Franic, Milan"]
[Result "0-1"]
[WhiteElo "2170"]
[BlackElo "2381"]
[PlyCount "78"]
[EventDate "2011.06.18"]
[EventType "swiss"]
[EventRounds "9"]
[EventCountry "CRO"]
[Source "lmi"]
[SourceDate "2011.06.18"]

1. e4 b6 2. d4 Bb7 3. Bd3 Nf6 4. Qe2 Nc6 5. c3 e5 6. Nf3 d6 7. O-O Be7 8. Nbd2
Nd7 9. b3 Bf6 10. Bb2 O-O 11. Rfe1 Re8 12. Nf1 exd4 13. cxd4 Nb4 14. Bb1 c5 15.
Qd2 Nc6 16. Ne3 cxd4 17. Nd5 Be5 18. Nxd4 Nxd4 19. Bxd4 Bxd5 20. Bxe5 Rxe5 21.
f4 Re8 22. Qxd5 Qf6 23. Bc2 Qxf4 24. Rf1 Qe3+ 25. Kh1 Ne5 26. Qxd6 Rad8 27. Qb4
Rd2 28. Qb5 Re6 29. Rad1 h5 30. Rxd2 Qxd2 31. Bb1 h4 32. h3 Rg6 33. Rg1 f6 34.
Qf1 Rg3 35. Qf5 a5 36. Qh5 g6 37. Qxh4 Qf2 38. Qh6 Nf3 39. Qc1 Rxh3+ 0-1

[Event "25. Open Pula 2011"]
[Site "Pula CRO"]
[Date "2011.06.24"]
[Round "8.26"]
[White "Rogulj, Branko"]
[Black "Lindgren, Fredrik"]
[Result "1-0"]
[WhiteElo "2390"]
[BlackElo "2195"]
[PlyCount "83"]
[EventDate "2011.06.18"]
[EventType "swiss"]
[EventRounds "9"]
[EventCountry "CRO"]
[Source "lmi"]
[SourceDate "2011.06.18"]

1. e4 e6 2. d4 d5 3. Nc3 Bb4 4. Nge2 dxe4 5. a3 Bxc3+ 6. Nxc3 Nc6 7. Bb5 Nge7
8. Bg5 f6 9. Be3 O-O 10. Qd2 f5 11. f3 exf3 12. gxf3 e5 13. d5 f4 14. Bc5 Nd4
15. O-O-O Nef5 16. Qf2 Nxb5 17. Nxb5 Nd6 18. Qe2 b6 19. Bb4 a5 20. Bc3 Nxb5 21.
Qxb5 Ba6 22. Qb3 Qd6 23. Rhe1 Rfe8 24. Re4 Bb7 25. Qb5 Re7 26. Qe2 Rae8 27. Qc4
h6 28. b4 Rd7 29. Qe2 Rde7 30. Qb5 Rd8 31. Bb2 c5 32. bxa5 bxa5 33. c4 Rb8 34.
Qa4 Bc8 35. Qc6 Qxc6 36. dxc6 Ba6 37. c7 Rc8 38. Rd8+ Re8 39. Rd7 Bb7 40. Rxe5
g5 41. Rf5 Bc6 42. Rg7+ 1-0

[Event "25. Open Pula 2011"]
[Site "Pula CRO"]
[Date "2011.06.24"]
[Round "8.27"]
[White "Voscilla, Adriano"]
[Black "Loncar, Robert"]
[Result "0-1"]
[WhiteElo "2201"]
[BlackElo "2388"]
[PlyCount "66"]
[EventDate "2011.06.18"]
[EventType "swiss"]
[EventRounds "9"]
[EventCountry "CRO"]
[Source "lmi"]
[SourceDate "2011.06.18"]

1. d4 d5 2. c4 dxc4 3. Nf3 Nf6 4. Nc3 c6 5. a4 Bg4 6. Ne5 Bh5 7. Nxc4 e6 8. Qb3
b6 9. g3 Be7 10. Bg2 O-O 11. O-O Nd5 12. e4 Nb4 13. d5 cxd5 14. exd5 exd5 15.
Ne5 Nd7 16. Nxd7 Qxd7 17. Nxd5 Nxd5 18. Bxd5 Rad8 19. Bf3 Bxf3 20. Qxf3 Bf6 21.
a5 Qb5 22. axb6 axb6 23. Ra3 Bd4 24. Rd1 Qc5 25. Kg2 Rde8 26. Rad3 Be5 27. b4
Qb5 28. Rd5 Qc4 29. Be3 Qxb4 30. Bd2 Qa4 31. Rb1 Re6 32. Be3 Rf6 33. Qe2 Qe4+
0-1

[Event "25. Open Pula 2011"]
[Site "Pula CRO"]
[Date "2011.06.24"]
[Round "8.28"]
[White "Dusper, Hrvoje"]
[Black "Szamoskozi, Gabor"]
[Result "0-1"]
[WhiteElo "2198"]
[BlackElo "2355"]
[PlyCount "48"]
[EventDate "2011.06.18"]
[EventType "swiss"]
[EventRounds "9"]
[EventCountry "CRO"]
[Source "lmi"]
[SourceDate "2011.06.18"]

1. d4 Nf6 2. Nf3 c5 3. d5 e6 4. c4 exd5 5. cxd5 d6 6. Nc3 g6 7. e4 Bg7 8. Nd2
O-O 9. Be2 Ne8 10. O-O f5 11. exf5 Bxf5 12. Nde4 a6 13. a4 Nd7 14. Ng3 Nc7 15.
Nxf5 Rxf5 16. Bg4 Rf8 17. Be3 Nf6 18. a5 Nxg4 19. Qxg4 Rf5 20. Qc4 Qd7 21. Rab1
Nb5 22. Na4 Re8 23. Nb6 Qf7 24. b4 Na3 0-1

[Event "25. Open Pula 2011"]
[Site "Pula CRO"]
[Date "2011.06.24"]
[Round "8.29"]
[White "Shalnev, Nicolai"]
[Black "Blazeka, Matej"]
[Result "1/2-1/2"]
[WhiteElo "2354"]
[BlackElo "2191"]
[PlyCount "30"]
[EventDate "2011.06.18"]
[EventType "swiss"]
[EventRounds "9"]
[EventCountry "CRO"]
[Source "lmi"]
[SourceDate "2011.06.18"]

1. e4 e5 2. Nf3 Nc6 3. Bb5 a6 4. Ba4 Nf6 5. d3 b5 6. Bb3 Be7 7. c3 d6 8. Nbd2
O-O 9. Nf1 Na5 10. Bc2 c5 11. Ng3 Nc6 12. O-O Qc7 13. h3 h6 14. Qe2 Be6 15. Nh2
d5 1/2-1/2

[Event "25. Open Pula 2011"]
[Site "Pula CRO"]
[Date "2011.06.25"]
[Round "9.3"]
[White "Drazic, Sinisa"]
[Black "Jovanovic, Zoran"]
[Result "1/2-1/2"]
[WhiteElo "2486"]
[BlackElo "2553"]
[PlyCount "20"]
[EventDate "2011.06.18"]
[EventType "swiss"]
[EventRounds "9"]
[EventCountry "CRO"]
[Source "lmi"]
[SourceDate "2011.06.18"]

1. d4 Nf6 2. c4 g6 3. Nf3 Bg7 4. Nc3 O-O 5. e4 d6 6. Be2 e5 7. O-O h6 8. Re1
Nbd7 9. Bf1 c6 10. b3 Re8 1/2-1/2

[Event "25. Open Pula 2011"]
[Site "Pula CRO"]
[Date "2011.06.25"]
[Round "9.4"]
[White "Popovic, Dusan"]
[Black "Doric, Darko"]
[Result "1/2-1/2"]
[WhiteElo "2553"]
[BlackElo "2456"]
[PlyCount "43"]
[EventDate "2011.06.18"]
[EventType "swiss"]
[EventRounds "9"]
[EventCountry "CRO"]
[Source "lmi"]
[SourceDate "2011.06.18"]

1. e4 c5 2. Nf3 d6 3. d4 cxd4 4. Nxd4 Nf6 5. Nc3 Nc6 6. f4 e5 7. Nf3 Be7 8. Bc4
O-O 9. O-O exf4 10. Bxf4 Qb6+ 11. Kh1 Qxb2 12. Nd5 Nxd5 13. exd5 Qc3 14. Qe2
Na5 15. Bd3 Qc7 16. Rae1 Bf6 17. Ng5 Bxg5 18. Bxg5 f6 19. Qh5 g6 20. Qh6 Bg4
21. Bxf6 Rf7 22. Bxg6 1/2-1/2

[Event "25. Open Pula 2011"]
[Site "Pula CRO"]
[Date "2011.06.25"]
[Round "9.5"]
[White "Antal, Gergely"]
[Black "Jovanic, Ognjen"]
[Result "1-0"]
[WhiteElo "2530"]
[BlackElo "2479"]
[PlyCount "61"]
[EventDate "2011.06.18"]
[EventType "swiss"]
[EventRounds "9"]
[EventCountry "CRO"]
[Source "lmi"]
[SourceDate "2011.06.18"]

1. e4 c6 2. Nc3 d5 3. Nf3 Bg4 4. h3 Bxf3 5. Qxf3 e6 6. g3 Nd7 7. d3 Ngf6 8. Bg2
Bc5 9. Qe2 dxe4 10. dxe4 e5 11. O-O O-O 12. a4 Re8 13. Nd1 a5 14. Ne3 g6 15.
Nc4 Nb6 16. Bg5 Qe7 17. Nxb6 Bxb6 18. Ra3 Qe6 19. Rb3 Ra6 20. Rd1 Nd7 21. Rbd3
Nc5 22. Rd6 Qa2 23. Bf6 Raa8 24. b3 Qa3 25. Qd2 Re6 26. Qh6 Rxf6 27. Rxf6 Qb2
28. Rxf7 Kxf7 29. Qxh7+ Kf6 30. Rd6+ Ne6 31. Qh4+ 1-0

[Event "25. Open Pula 2011"]
[Site "Pula CRO"]
[Date "2011.06.25"]
[Round "9.6"]
[White "Bodiroga, Predrag"]
[Black "Saric, Ante"]
[Result "1/2-1/2"]
[WhiteElo "2384"]
[BlackElo "2489"]
[PlyCount "46"]
[EventDate "2011.06.18"]
[EventType "swiss"]
[EventRounds "9"]
[EventCountry "CRO"]
[Source "lmi"]
[SourceDate "2011.06.18"]

1. d4 Nf6 2. c4 e6 3. Nf3 d5 4. Nc3 dxc4 5. e3 a6 6. a4 b6 7. Bxc4 Bb7 8. O-O
Bb4 9. Qe2 O-O 10. Rd1 Qe7 11. Na2 Bd6 12. Nc3 Nc6 13. e4 e5 14. Bg5 Nxd4 15.
Nxd4 exd4 16. Bxf6 Qxf6 17. Nd5 Qh6 18. g3 b5 19. axb5 axb5 20. Rxa8 Bxa8 21.
Bb3 Bxd5 22. Bxd5 c6 23. Bxc6 Bxg3 1/2-1/2

[Event "25. Open Pula 2011"]
[Site "Pula CRO"]
[Date "2011.06.25"]
[Round "9.7"]
[White "Tratar, Marko"]
[Black "Plenca, Julian"]
[Result "1-0"]
[WhiteElo "2489"]
[BlackElo "2339"]
[PlyCount "113"]
[EventDate "2011.06.18"]
[EventType "swiss"]
[EventRounds "9"]
[EventCountry "CRO"]
[Source "lmi"]
[SourceDate "2011.06.18"]

1. Nf3 Nf6 2. c4 c6 3. d4 d5 4. e3 e6 5. b3 Nbd7 6. Bb2 Bb4+ 7. Nbd2 b6 8. Bd3
Bb7 9. O-O O-O 10. Qe2 Nh5 11. a3 Be7 12. Rfd1 f5 13. b4 Qe8 14. Rdc1 Rd8 15.
c5 g5 16. Nb3 g4 17. Ne5 Rf6 18. cxb6 Nxb6 19. Na5 Ba8 20. Naxc6 Bxc6 21. Nxc6
Rd7 22. Ne5 Rb7 23. Ba6 Rb8 24. Nc6 Rh6 25. g3 Nf6 26. Nxb8 Qxb8 27. Bd3 Qe8
28. Rc7 Ne4 29. Bxe4 dxe4 30. d5 Nxd5 31. Rxa7 Qh5 32. Kf1 Qxh2 33. Ke1 Qg2 34.
Rc1 Rh2 35. Be5 Qg1+ 36. Kd2 Qxf2 37. Qxf2 Rxf2+ 38. Ke1 Ra2 39. Rc8+ Kf7 40.
Bd6 Rxa3 41. Rxa3 Bxd6 42. Ra7+ Kf6 43. b5 Bxg3+ 44. Ke2 h5 45. Ra6 h4 46. b6
h3 47. b7 h2 48. Rh8 f4 49. exf4 Bxf4 50. Raa8 g3 51. Raf8+ Ke7 52. Rxf4 Nxf4+
53. Kd2 e3+ 54. Kc2 e2 55. b8=Q e1=Q 56. Qc7+ Kf6 57. Qxf4+ 1-0

[Event "25. Open Pula 2011"]
[Site "Pula CRO"]
[Date "2011.06.25"]
[Round "9.8"]
[White "Kovacevic, Blazimir"]
[Black "Feletar, Darko"]
[Result "1-0"]
[WhiteElo "2474"]
[BlackElo "2377"]
[PlyCount "39"]
[EventDate "2011.06.18"]
[EventType "swiss"]
[EventRounds "9"]
[EventCountry "CRO"]
[Source "lmi"]
[SourceDate "2011.06.18"]

1. Nf3 Nf6 2. g3 c5 3. Bg2 Nc6 4. c4 d5 5. cxd5 Nxd5 6. d4 e6 7. O-O Be7 8.
dxc5 Bxc5 9. a3 Be7 10. Qc2 Bd7 11. e4 Nf6 12. Nc3 Qa5 13. Rd1 Rc8 14. e5 Ng4
15. Bf4 Ngxe5 16. Nxe5 Nxe5 17. b4 Qc7 18. Rxd7 Kxd7 19. Qa4+ Kd8 20. Rd1+ 1-0

[Event "25. Open Pula 2011"]
[Site "Pula CRO"]
[Date "2011.06.25"]
[Round "9.9"]
[White "Fercec, Nenad"]
[Black "Leer Salvesen, Bjarte"]
[Result "0-1"]
[WhiteElo "2453"]
[BlackElo "2365"]
[PlyCount "54"]
[EventDate "2011.06.18"]
[EventType "swiss"]
[EventRounds "9"]
[EventCountry "CRO"]
[Source "lmi"]
[SourceDate "2011.06.18"]

1. e4 e6 2. d4 d5 3. Nd2 c5 4. exd5 Qxd5 5. Ngf3 cxd4 6. Bc4 Qd6 7. O-O Nf6 8.
Nb3 Nc6 9. Nbxd4 Nxd4 10. Nxd4 a6 11. Re1 Qc7 12. Bb3 Bd6 13. h3 O-O 14. Bg5
Bh2+ 15. Kh1 Bf4 16. Bxf6 gxf6 17. Qh5 Kh8 18. c3 Rg8 19. Bd1 Rg6 20. Bc2 f5
21. Qf3 Bd7 22. Rad1 Rag8 23. Rg1 Bh2 24. Rge1 Be5 25. Rg1 Bxd4 26. Rxd4 Bc6
27. Rc4 Rxg2 0-1

[Event "25. Open Pula 2011"]
[Site "Pula CRO"]
[Date "2011.06.25"]
[Round "9.11"]
[White "Tomazini, Zan"]
[Black "Zelbel, Patrick"]
[Result "1/2-1/2"]
[WhiteElo "2250"]
[BlackElo "2428"]
[PlyCount "115"]
[EventDate "2011.06.18"]
[EventType "swiss"]
[EventRounds "9"]
[EventCountry "CRO"]
[Source "lmi"]
[SourceDate "2011.06.18"]

1. e4 e5 2. Nf3 Nc6 3. d4 exd4 4. Nxd4 Nf6 5. Nxc6 bxc6 6. e5 Qe7 7. Qe2 Nd5 8.
c4 Ba6 9. Nd2 g6 10. Qe4 f5 11. Qd4 Nb4 12. Qc3 c5 13. f4 Bb7 14. a3 Nc6 15.
Nf3 Bg7 16. Kf2 d6 17. exd6 cxd6 18. Qe3 Na5 19. Qxe7+ Kxe7 20. Bd3 Ba6 21.
Re1+ Kd7 22. Bd2 Bxc4 23. Bc2 Nc6 24. Bc3 Bxc3 25. bxc3 Rab8 26. Ba4 Rhe8 27.
Ng5 h6 28. Nh7 Kc7 29. Rad1 Rxe1 30. Rxe1 Rh8 31. Nf6 Rf8 32. Ne8+ Kd7 33. Rb1
Rxe8 34. Rb7+ Ke6 35. Bxc6 Re7 36. Rb8 Bd5 37. Bb5 Rb7 38. Rxb7 Bxb7 39. h4 Be4
40. g3 Kf6 41. Ke3 d5 42. Be8 g5 43. hxg5+ hxg5 44. Bh5 gxf4+ 45. Kxf4 Bc2 46.
g4 fxg4 47. Bxg4 a5 48. Bc8 d4 49. cxd4 cxd4 50. Bh3 Bb1 51. Bc8 Ke7 52. Ke5 d3
53. Ba6 d2 54. Be2 Bc2 55. Kd4 Kd6 56. Kc3 d1=Q 57. Bxd1 Bxd1 58. Kb2 1/2-1/2

[Event "25. Open Pula 2011"]
[Site "Pula CRO"]
[Date "2011.06.25"]
[Round "9.13"]
[White "Genocchio, Daniele"]
[Black "Wertjanz, David"]
[Result "1-0"]
[WhiteElo "2431"]
[BlackElo "2197"]
[PlyCount "99"]
[EventDate "2011.06.18"]
[EventType "swiss"]
[EventRounds "9"]
[EventCountry "CRO"]
[Source "lmi"]
[SourceDate "2011.06.18"]

1. e4 c5 2. Nf3 d6 3. c3 Nf6 4. Bd3 Nc6 5. h3 Bd7 6. O-O Qc7 7. Re1 g6 8. Bf1
e5 9. d4 Bg7 10. Na3 a6 11. Nc4 O-O 12. dxc5 dxc5 13. Qd6 Qxd6 14. Nxd6 b5 15.
a4 bxa4 16. Nb7 c4 17. Bxc4 Rab8 18. Nc5 Na5 19. Nxd7 Nxd7 20. Rxa4 Nxc4 21.
Rxc4 Nb6 22. Rc6 Rfc8 23. Rxc8+ Rxc8 24. Rd1 Nc4 25. Rd5 f6 26. b3 Nb6 27. Rd3
f5 28. Ng5 h6 29. Ne6 fxe4 30. Rd6 Rxc3 31. Be3 Nc8 32. Rxa6 Kf7 33. b4 Bf6 34.
Nc5 Be7 35. Nd7 Bd6 36. b5 Rc7 37. Nb6 Nxb6 38. Rxb6 Bc5 39. Rc6 Rxc6 40. bxc6
Bd6 41. Bxh6 Ke6 42. g4 Kd5 43. Bf8 Bc7 44. h4 Kxc6 45. h5 gxh5 46. gxh5 e3 47.
fxe3 Bd8 48. h6 Bg5 49. e4 Kb5 50. Bg7 1-0

[Event "25. Open Pula 2011"]
[Site "Pula CRO"]
[Date "2011.06.25"]
[Round "9.16"]
[White "Kopinits, Anna Christina"]
[Black "Rogulj, Branko"]
[Result "1-0"]
[WhiteElo "2258"]
[BlackElo "2390"]
[PlyCount "69"]
[EventDate "2011.06.18"]
[EventType "swiss"]
[EventRounds "9"]
[EventCountry "CRO"]
[Source "lmi"]
[SourceDate "2011.06.18"]

1. e4 e6 2. d4 d5 3. Nd2 Nf6 4. e5 Nfd7 5. f4 c5 6. c3 Nc6 7. Ndf3 cxd4 8. cxd4
Nb6 9. Bd3 Bd7 10. a3 a5 11. Ne2 a4 12. O-O Be7 13. g4 h5 14. gxh5 Rxh5 15. f5
Rh8 16. fxe6 Bxe6 17. Nf4 Kd7 18. Kh1 g5 19. Nxe6 fxe6 20. Rg1 Rh5 21. Rg4 Qh8
22. Qg1 Rf8 23. Nxg5 Nc4 24. Bxc4 dxc4 25. Be3 Rf5 26. Rd1 Bxg5 27. Bxg5 Rf7
28. Bf6 Qh7 29. d5 exd5 30. Rxd5+ Kc7 31. e6 Rxh2+ 32. Qxh2+ Qxh2+ 33. Kxh2
Rxf6 34. Rd7+ Kb6 35. Re4 1-0

[Event "25. Open Pula 2011"]
[Site "Pula CRO"]
[Date "2011.06.25"]
[Round "9.17"]
[White "Loncar, Robert"]
[Black "Schneider, Veronika"]
[Result "1/2-1/2"]
[WhiteElo "2388"]
[BlackElo "2251"]
[PlyCount "296"]
[EventDate "2011.06.18"]
[EventType "swiss"]
[EventRounds "9"]
[EventCountry "CRO"]
[Source "lmi"]
[SourceDate "2011.06.18"]

1. d4 Nf6 2. Nf3 g6 3. c4 Bg7 4. Nc3 d5 5. cxd5 Nxd5 6. e3 O-O 7. Bc4 Nb6 8.
Bb3 Nc6 9. O-O e5 10. d5 Na5 11. e4 Nbc4 12. Bc2 Nd6 13. b3 b6 14. Rb1 a6 15.
Bd3 f5 16. Nd2 f4 17. b4 Nab7 18. Be2 h5 19. a4 Qg5 20. Kh1 Bg4 21. Rb3 Bxe2
22. Qxe2 Qh6 23. Ba3 g5 24. f3 Rf7 25. Rc1 Bf8 26. Nd1 Qg7 27. Nf2 Ne8 28. Bb2
a5 29. Nd3 Bd6 30. b5 Re7 31. Nc4 Nd8 32. Ba3 Nf7 33. Bxd6 Nexd6 34. Nxd6 Nxd6
35. Rbc3 Rd8 36. Qc2 Rdd7 37. Rc6 g4 38. Qe2 Qg5 39. Rg1 Rg7 40. Rcc1 Rde7 41.
g3 fxg3 42. Rxg3 gxf3 43. Qxf3 Qh4 44. Re1 Ref7 45. Rxg7+ Rxg7 46. Re2 Qg5 47.
Qf2 h4 48. Re1 Kh7 49. Qf3 Kg8 50. Nf2 Rf7 51. Qe2 Kf8 52. Nd3 Rg7 53. Qf3+ Kg8
54. Nf2 Rf7 55. Qg2 Qxg2+ 56. Kxg2 Rf4 57. h3 Kf8 58. Rc1 Nxe4 59. Nd3 Rf7 60.
Nxe5 Rf2+ 61. Kg1 Rf5 62. Ng6+ Ke8 63. Nxh4 Rg5+ 64. Kh2 Kd7 65. Rc4 Nc5 66.
Nf3 Rxd5 67. h4 c6 68. bxc6+ Kxc6 69. Kg3 Kd6 70. Kg4 Ne6 71. h5 b5 72. h6 Nf8
73. Rc8 Ke7 74. Rc7+ Kf6 75. Rc6+ Ke7 76. axb5 Rxb5 77. Ng5 a4 78. Rc7+ Kd6 79.
Ra7 Rb4+ 80. Kf5 Rh4 81. Ra8 Ke7 82. Ra7+ Kd6 83. Nf7+ Kc5 84. Ra8 Nd7 85. Kg5
Rh1 86. Rxa4 Kd5 87. Ra6 Rg1+ 88. Kh5 Rh1+ 89. Kg6 Rg1+ 90. Kh5 Rh1+ 91. Kg5
Rg1+ 92. Kh4 Rh1+ 93. Kg3 Nf8 94. Rd6+ Ke4 95. Rd8 Ng6 96. Rg8 Kf5 97. Nd6+ Kf6
98. Ne4+ Kf5 99. Nd6+ Kf6 100. Ra8 Rxh6 101. Ra6 Rh1 102. Ne4+ Ke5 103. Nf2
Rg1+ 104. Kh2 Rf1 105. Kg2 Rxf2+ 106. Kxf2 Nf4 107. Kf3 Nd5 108. Ra4 Nc3 109.
Rc4 Nd5 110. Re4+ Kd6 111. Re1 Nf6 112. Kf4 Nd5+ 113. Ke4 Ke6 114. Kd4+ Kd6
115. Rh1 Nf6 116. Ra1 Ke6 117. Ra5 Ne8 118. Ra1 Kd7 119. Re1 Nd6 120. Kd5 Nf5
121. Ke5 Ne7 122. Rd1+ Kc7 123. Ke6 Nc6 124. Rc1 Kb6 125. Kd6 Nb4 126. Rc5 Na6
127. Rc1 Kb5 128. Kd5 Nb4+ 129. Kd4 Nc6+ 130. Kc3 Kb6 131. Rh1 Kc5 132. Rh5+
Kd6 133. Kd3 Ne5+ 134. Ke4 Nd7 135. Kd4 Ke6 136. Rh1 Nf6 137. Re1+ Kd6 138. Re2
Nd7 139. Ke4 Nc5+ 140. Kf5 Kd5 141. Rd2+ Kc6 142. Ke5 Nd7+ 143. Kd4 Kd6 144.
Ra2 Ke6 145. Ra5 Nf6 146. Re5+ Kd6 147. Re1 Nd7 148. Rf1 Ke6 1/2-1/2

[Event "25. Open Pula 2011"]
[Site "Pula CRO"]
[Date "2011.06.25"]
[Round "9.18"]
[White "Franic, Milan"]
[Black "Frindt, Kornel"]
[Result "1-0"]
[WhiteElo "2381"]
[BlackElo "2208"]
[PlyCount "99"]
[EventDate "2011.06.18"]
[EventType "swiss"]
[EventRounds "9"]
[EventCountry "CRO"]
[Source "lmi"]
[SourceDate "2011.06.18"]

1. d4 Nf6 2. c4 g6 3. Nc3 Bg7 4. e4 d6 5. Be2 O-O 6. Bg5 c5 7. d5 e6 8. Nf3
exd5 9. cxd5 a6 10. a4 h6 11. Bh4 Re8 12. Nd2 Nbd7 13. O-O g5 14. Bg3 Ne5 15.
f4 gxf4 16. Bxf4 Rb8 17. Qc2 Bg4 18. Bxg4 Nfxg4 19. h3 Nf6 20. a5 Nh5 21. Bh2
Qg5 22. Nd1 Ng3 23. Rf2 Ng6 24. Ra3 Nh5 25. Rf5 Bd4+ 26. Kf1 Qh4 27. Nf3 Qxe4
28. Qxe4 Rxe4 29. Rxh5 Ne5 30. Bxe5 dxe5 31. Rb3 c4 32. Rb4 Bc5 33. Ra4 b5 34.
axb6 Rxb6 35. Rxe5 c3 36. Nxc3 Rxe5 37. Nxe5 Rxb2 38. Nd3 Rb3 39. Nxc5 Rxc3 40.
Ne4 Rc1+ 41. Ke2 Rc2+ 42. Kf3 f5 43. Ng3 Rc3+ 44. Kf4 Rc2 45. Nxf5 Rxg2 46.
Rxa6 h5 47. d6 Rd2 48. Ke5 h4 49. Nd4 Kf7 50. Ra8 1-0

[Event "25. Open Pula 2011"]
[Site "Pula CRO"]
[Date "2011.06.25"]
[Round "9.19"]
[White "Uwira, Oliver"]
[Black "Biti, Ozren"]
[Result "0-1"]
[WhiteElo "2249"]
[BlackElo "2378"]
[PlyCount "64"]
[EventDate "2011.06.18"]
[EventType "swiss"]
[EventRounds "9"]
[EventCountry "CRO"]
[Source "lmi"]
[SourceDate "2011.06.18"]

1. d4 d6 2. Nf3 g6 3. e4 Nf6 4. Nc3 Bg7 5. Be2 O-O 6. O-O a6 7. a4 e6 8. Re1
Nc6 9. Bf1 b6 10. Bf4 h6 11. Qd2 Kh7 12. Rad1 Bb7 13. d5 exd5 14. Nxd5 Re8 15.
Nxc7 Qxc7 16. Bxd6 Qd7 17. e5 Nh5 18. Qe3 Nd8 19. Rd4 Ne6 20. Rh4 Qd8 21. Rb4
Bf8 22. Bxf8 Rxf8 23. Rxb6 Bxf3 24. gxf3 Nhf4 25. Rd6 Qg5+ 26. Kh1 a5 27. Red1
Rac8 28. c3 Rc5 29. Rb6 Rxe5 30. Rb5 Nc5 31. Qd2 Qh4 32. Qd6 Rh5 0-1

[Event "25. Open Pula 2011"]
[Site "Pula CRO"]
[Date "2011.06.25"]
[Round "9.20"]
[White "Tjomsland, Stig"]
[Black "Muskardin, Mario"]
[Result "0-1"]
[WhiteElo "2378"]
[BlackElo "2215"]
[PlyCount "56"]
[EventDate "2011.06.18"]
[EventType "swiss"]
[EventRounds "9"]
[EventCountry "CRO"]
[Source "lmi"]
[SourceDate "2011.06.18"]

1. d4 Nf6 2. c4 e6 3. Nc3 Bb4 4. Qc2 c5 5. dxc5 Bxc5 6. Nf3 O-O 7. Bf4 d5 8. e3
Nc6 9. Rd1 Qa5 10. Nd2 d4 11. Nb3 Qb6 12. Nxc5 Qxc5 13. Nb5 e5 14. exd4 Nxd4
15. Nxd4 exf4 16. Be2 Rd8 17. Nb3 Qb4+ 18. Nd2 Re8 19. Kf1 Bg4 20. Nf3 Rad8 21.
a3 Qa5 22. Qc1 Ne4 23. Rxd8 Qxd8 24. Qxf4 Qb6 25. Ng1 Qxb2 26. g3 Bxe2+ 27.
Nxe2 g5 28. Qg4 Qb1+ 0-1